| 000 | 00602nam a22001817a 4500 | ||
|---|---|---|---|
| 999 |
_c189382 _d189382 |
||
| 005 | 20220627150256.0 | ||
| 010 | _aENG-133391 | ||
| 020 |
_a9789387871526 _c350.00 |
||
| 035 | _aEN-116923 | ||
| 037 | _bDBAD/PUB | ||
| 082 | _a005.7 | ||
| 245 |
_aMobile Tecnologies: _cEdited by S. Yosuva _bBig Data & Data Analytics/ |
||
| 260 |
_aTamil Nadu _bShanlax Publications |
||
| 270 |
_a61,66 T.P.K. Main Road, Vasantha Nagar _bMadurai _mpublisher@shanlaxpublications.com _k04524208765 _e625003 |
||
| 300 |
_a283p. _c24cm(pbk) |
||
| 700 | _aE.Arumuga Gandhi | ||
| 942 |
_2ddc _cEN _h005.7 _mMOB |
||